000 00511nam a2200181Ia 4500
005 20250326124201.0
008 250326s9999 xx 000 0 und d
037 _aTextbook
040 _aFMSL
_beng
_cFMSL
041 _aeng
_2eng
084 _aX:54 L0
_qFMSL
100 _aAdler J H
_9736933
245 0 _aCapital movements and economic development
_cAdler J H; Kuznets P W
260 _aLondon
_bLondon, Macmillan
_c1970
300 _a498p
942 _cTB
_hX:54 L0
999 _c1272629
_d1272629